Normal view
MARC view
- Cosme
Entry Personal Name
001 - CONTROL NUMBER
- control field: 27511
003 - CONTROL NUMBER IDENTIFIER
- control field: NUST
005 - DATE AND TIME OF LATEST TRANSACTION
- control field: 20200113134924.0
008 - FIXED-LENGTH DATA ELEMENTS
- fixed length control field: 200113|| aca||aabn | a|a d
040 ## - CATALOGING SOURCE
- Original cataloging agency: NUST
- Transcribing agency: NUST
100 ## - HEADING--PERSONAL NAME
- Personal name: Cosme
670 ## - SOURCE DATA FOUND
- Source citation: Work cat.: (NUST): Cosme, The Pakistan Gazetteer Vol 01 - 07
